Statistics for Geography by Letter - V

Click here to take the quiz!

General Stats

  • This quiz has been taken 51,283 times
  • The average score is 15 of 20

Answer Stats

Hint Answer % Correct
South American countryVenezuela
98%
Hanoi is its capitalVietnam
94%
Germany's largest automakerVolkswagen
93%
Where you might find a gondolaVenice
92%
World's smallest independent countryVatican
90%
City of Freud and MozartVienna
89%
State where 8 U.S. presidents were bornVirginia
87%
Biggest city in British ColumbiaVancouver
84%
Volcano that destroyed PompeiiVesuvius
83%
Africa's largest lakeVictoria
82%
Palace of Louis XIVVersailles
78%
Brand of Italian scooterVespa
73%
Europe's longest riverVolga
69%
Capital of LithuaniaVilnius
65%
Region and city in eastern SpainValencia
62%
Yeast extract spread popular in AustraliaVegemite
60%
South African soccer noisemakerVuvuzela
59%
Biggest Russian city on the PacificVladivostok
51%
Capital of LaosVientiane
45%
Hindu holy city also called BenaresVaranasi
17%

Score Distribution

Percentile by Number Answered

Percent of People with Each Score

Your Score History

You have not taken this quiz